000 00193 a2200097 4500
001 23657
100 _aScholar
245 _aIqbal as a thinker
260 _a
_bAshraf
_c
090 _c16037
_d16037
942 _aNUST-CAE
_cM
_c6711
999 _c258730
_d258730